North American Cities Proper with a Big 4 Sports Team - Statistics

General Stats
  • This quiz has been taken 2,054 times
    306 since last reset
  • The average score is 41 of 66
Answer Stats
Team(s) Answer % Correct
76ers | Eagles | Flyers | Phillies Philadelphia
94%
Giants (MLB) | Warriors San Francisco
93%
Astros | Rockets | Texans Houston
90%
Bears | Blackhawks | Bulls | Cubs | White Sox Chicago
87%
Avalanche | Broncos | Nuggets | Rockies Denver
85%
Blue Jays | Maple Leafs | Raptors Toronto
82%
Sabres Buffalo
81%
Dodgers | Kings (NHL) | Lakers Los Angeles
81%
Knicks | Mets | Nets | Rangers (NHL) | Yankees New York
81%
Angels | Ducks Anaheim
80%
Falcons | Hawks Atlanta
79%
Bengals | Reds Cincinnati
79%
Heat | Marlins Miami
79%
Bruins | Celtics | Red Sox Boston
78%
Mavericks | Stars Dallas
77%
Browns | Cavaliers | Guardians Cleveland
76%
Buccaneers | Lightning | Rays Tampa
76%
Kings (NBA) Sacramento
75%
Capitals | Nationals | Wizards Washington, DC
75%
Diamondbacks | Suns Phoenix
73%
Kraken | Mariners | Seahawks Seattle
73%
Lions | Pistons | Red Wings | Tigers Detroit
72%
Padres San Diego
72%
Chiefs | Royals Kansas City, Missouri
71%
Brewers | Bucks Milwaukee
71%
Magic Orlando
71%
Packers Green Bay
70%
Grizzlies Memphis
70%
Colts | Pacers Indianapolis
69%
Jaguars Jacksonville
69%
Trail Blazers Portland
69%
Spurs San Antonio
69%
Sharks San Jose
69%
Blues | Cardinals (MLB) St. Louis
69%
Orioles | Ravens Baltimore
68%
Hornets | Panthers (NFL) Charlotte
68%
Canadiens Montreal
67%
Thunder Oklahoma City
67%
Penguins | Pirates | Steelers Pittsburgh
67%
Canucks Vancouver
67%
Timberwolves | Twins | Vikings Minneapolis
66%
Pelicans | Saints New Orleans
66%
Oilers Edmonton
64%
Jazz | Mammoth Salt Lake City
64%
Flames Calgary
63%
Predators | Titans Nashville
62%
Senators Ottawa
62%
Blue Jackets Columbus
58%
Jets (NHL) Winnipeg
55%
Hurricanes Raleigh
53%
Devils Newark
46%
Wild St. Paul
46%
Cowboys | Rangers (MLB) Arlington, Texas
45%
Patriots Foxborough, Massachusetts
42%
Giants (NFL) | Jets (NFL) East Rutherford, New Jersey
39%
49ers Santa Clara, California
38%
Cardinals (NFL) Glendale, Arizona
36%
Bills Orchard Park, New York
31%
Chargers | Clippers | Rams Inglewood, California
30%
Commanders Landover, Maryland
25%
Dolphins Miami Gardens, Florida
25%
Panthers (NHL) Sunrise, Florida
21%
Golden Knights | Raiders Paradise, Nevada
20%
Athletics West Sacramento, California
16%
Islanders Elmont, New York
11%
Braves Cumberland, Georgia
8%
No matching quizzes found
Score Distribution
Percent of People with Each Score
Percentile by Number Answered
Your Score History
You have not taken this quiz since the last reset